000 00533nam a2200181Ia 4500
003 GCL
005 20240530103846.0
008 140319s9999 xx 000 0 ara d
040 _aGCL /
_cGCL
082 0 4 _a801.95
_bم ف
100 0 _aمحمد غنيمى هلال
245 1 0 _aفى النقد التطبيقى والمقارن /
_cمحمد غنيمى هلال
300 _a197 ص
490 _aكتاب
_v0
650 0 4 _aالادب العربى
650 0 4 _aالادب العربى - تاريخ ونقد
942 _2ddc
_cBK
999 _c43024
_d43024